[Event "Lliga Catalana DH "]
[Site "?"]
[Date "2018.04.07"]
[Round "10.2"]
[White "Muñoz, Miguel"]
[Black "Gonzalez Rodriguez, Jorge"]
[Result "1-0"]
[WhiteElo "2530"]
[BlackElo "2381"]
[PlyCount "123"]
[EventDate "2018.??.??"]
[WhiteTeam "SAN"]
[BlackTeam "FIG"]

1. e4 e6 2. d4 d5 3. Nd2 Nf6 4. Bd3 c5 5. e5 Ng8 6. c3 cxd4 7. cxd4 Qb6 8. Ne2
Bd7 9. O-O Bb5 10. Bxb5+ Qxb5 11. f4 Ne7 12. g4 g6 13. Nf3 h5 14. h3 Nbc6 15.
Nc3 Qb6 16. Na4 Qc7 17. Be3 b6 18. Rc1 Qd7 19. Kg2 Na5 20. b3 Nec6 21. Bf2 Ba3
22. Rc2 hxg4 23. hxg4 O-O-O 24. Bh4 Be7 25. Bxe7 Qxe7 26. Nb2 Kb7 27. Nd3 Nb4
28. Nxb4 Qxb4 29. Qd2 Qxd2+ 30. Rxd2 Rc8 31. Ng5 Rc7 32. Rf3 Nc6 33. Rh3 Rxh3
34. Kxh3 Nd8 35. Kh4 Kc8 36. Nh7 Kd7 37. Nf6+ Ke7 38. Kg5 Rc8 39. Kh6 Kf8 40.
Nh7+ Kg8 41. Rh2 Nc6 42. Rc2 Ne7 43. Rh2 Nc6 44. Rc2 Ne7 45. Rd2 b5 46. b4 Kh8
47. Rh2 Ng8+ 48. Kg5 Kg7 49. f5 gxf5 50. gxf5 exf5 51. Nf6 Nxf6 52. exf6+ Kg8
53. Kxf5 Re8 54. Rg2+ Kh8 55. Rg7 Re4 56. Rxf7 Rxd4 57. Rxa7 Kg8 58. a3 Re4 59.
Re7 Rc4 60. Ke6 Kf8 61. Rb7 Re4+ 62. Kxd5 1-0

[Event "Lliga Catalana DH "]
[Site "?"]
[Date "2018.04.07"]
[Round "10.3"]
[White "Touzane, Olivier"]
[Black "Dominguez Pons, Eric"]
[Result "1-0"]
[WhiteElo "2283"]
[BlackElo "2447"]
[PlyCount "67"]
[EventDate "2018.??.??"]
[WhiteTeam "FIG"]
[BlackTeam "SAN"]

1. d4 d5 2. c4 c6 3. Nf3 Nf6 4. Nc3 e6 5. Bg5 h6 6. Bh4 Bb4 7. Qb3 a5 8. a3 Be7
9. e3 O-O 10. Be2 Nbd7 11. O-O b6 12. Rac1 Bb7 13. c5 b5 14. Nxb5 cxb5 15. c6
Ba6 16. cxd7 a4 17. Qd1 g5 18. Bg3 Nxd7 19. Bc7 Qe8 20. Ne1 b4 21. Bxa6 Rxa6
22. axb4 Bxb4 23. Nd3 Be7 24. f4 f6 25. f5 Bd6 26. Qf3 Bxc7 27. Rxc7 Rd6 28.
Qh3 exf5 29. Qxh6 Qxe3+ 30. Rf2 Qe8 31. h4 gxh4 32. Rxf5 Rf7 33. Rh5 Rg7 34.
Rc8 1-0

[Event "Lliga Catalana DH "]
[Site "?"]
[Date "2018.04.07"]
[Round "10.4"]
[White "Akbarinia,  Sayed Arash"]
[Black "Serra Pages, Jordi"]
[Result "1-0"]
[WhiteElo "2387"]
[BlackElo "2338"]
[PlyCount "61"]
[EventDate "2018.??.??"]
[WhiteTeam "SAN"]
[BlackTeam "FIG"]

1. c4 Nf6 2. Nf3 g6 3. g3 Bg7 4. Bg2 c6 5. d4 d5 6. Qb3 O-O 7. O-O Qb6 8. Nc3
dxc4 9. Qxc4 Be6 10. Qd3 Qa6 11. Qc2 Nd5 12. Rd1 Nd7 13. e4 Nxc3 14. bxc3 b5
15. Be3 Nb6 16. Nd2 Qc8 17. f4 f5 18. Bf2 Nc4 19. Nb3 fxe4 20. Qxe4 Bd5 21.
Qxe7 Bxg2 22. Kxg2 Re8 23. Qg5 Ne3+ 24. Bxe3 Rxe3 25. Rd2 Qe8 26. Nc5 Re2+ 27.
Rxe2 Qxe2+ 28. Kh3 Bf8 29. Nd7 Be7 30. Qg4 Qe4 31. Ne5 1-0

[Event "Lliga Catalana DH "]
[Site "?"]
[Date "2018.04.07"]
[Round "10.5"]
[White "Ibañez Tarradellas, Eduard"]
[Black "Colon Garcia, Enric"]
[Result "1/2-1/2"]
[WhiteElo "2319"]
[BlackElo "2406"]
[PlyCount "61"]
[EventDate "2018.??.??"]
[WhiteTeam "FIG"]
[BlackTeam "SAN"]

1. d4 Nf6 2. Bg5 Ne4 3. Bf4 e6 4. e3 d5 5. Bd3 Nf6 6. Nf3 c5 7. O-O Nc6 8. c3
Bd6 9. Bg3 Bxg3 10. hxg3 Qe7 11. Nbd2 O-O 12. Ne5 Nxe5 13. dxe5 Nd7 14. f4 c4
15. Bc2 f6 16. Qh5 g6 17. Qh4 Qc5 18. Kf2 fxe5 19. Rh1 Nf6 20. Nf3 e4 21. Ne5
Qe7 22. g4 Qg7 23. g5 Nd7 24. Ng4 e5 25. Rad1 d4 26. cxd4 exf4 27. exf4 Rxf4+
28. Kg3 Rxg4+ 29. Qxg4 Ne5 30. Qf4 Nd3 31. Bxd3 1/2-1/2

[Event "Lliga Catalana DH "]
[Site "?"]
[Date "2018.04.07"]
[Round "10.6"]
[White "Castellano Egea, Einar"]
[Black "Baños, Oscar Francisco"]
[Result "0-1"]
[WhiteElo "2298"]
[BlackElo "2307"]
[PlyCount "78"]
[EventDate "2018.??.??"]
[WhiteTeam "SAN"]
[BlackTeam "FIG"]

1. e4 e6 2. b3 d5 3. Bb2 dxe4 4. Nc3 Nf6 5. Qe2 Bb4 6. O-O-O Qe7 7. Kb1 Ba3 8.
Ba1 a5 9. Nxe4 Nbd7 10. Nc3 c6 11. Qf3 O-O 12. d4 Nb6 13. Bd3 a4 14. Nge2 axb3
15. axb3 Nbd5 16. g4 Nxc3+ 17. Nxc3 Nd5 18. Qe4 g6 19. Nxd5 cxd5 20. Qe3 Bd7
21. h4 Ra7 22. h5 g5 23. c4 Rfa8 24. Kc2 Bd6 25. c5 Bf4 26. Qe1 b6 27. Qc3 bxc5
28. dxc5 e5 29. Bb2 d4 30. Qb4 Bxg4 31. Ra1 Rc8 32. Rxa7 Qxa7 33. Ba3 Qa8 34.
Re1 Qf3 35. Re2 Qg2 36. Qe1 Bxe2 37. Qxe2 Qa8 38. Qg4 Rxc5+ 39. Bxc5 Qa2+ 0-1

[Event "Lliga Catalana DH "]
[Site "?"]
[Date "2018.04.07"]
[Round "10.7"]
[White "Pinsach Gelabert, Alex"]
[Black "Delisau Gil, Oriol"]
[Result "1/2-1/2"]
[WhiteElo "2294"]
[BlackElo "2275"]
[PlyCount "64"]
[EventDate "2018.??.??"]
[WhiteTeam "FIG"]
[BlackTeam "SAN"]

1. e4 e5 2. Nf3 Nc6 3. d4 exd4 4. Nxd4 Nf6 5. Nxc6 bxc6 6. e5 Qe7 7. Qe2 Nd5 8.
c4 Ba6 9. Nd2 g6 10. Nf3 Bg7 11. Bg5 Qb4+ 12. Qd2 Qxd2+ 13. Bxd2 Nb6 14. b3 O-O
15. O-O-O Rfe8 16. Bf4 Bb7 17. Bd3 a5 18. a4 c5 19. Rhe1 Bxf3 20. gxf3 Re6 21.
Re4 Rae8 22. Rde1 Nc8 23. Bf1 Rb6 24. Kc2 Na7 25. Be3 Bf8 26. Bh3 Reb8 27. Rb1
Nc6 28. Bxd7 Nb4+ 29. Kb2 Nd5 30. Kc2 Nb4+ 31. Kb2 Nd5 32. Kc2 Nb4+ 1/2-1/2

[Event "Lliga Catalana DH "]
[Site "?"]
[Date "2018.04.07"]
[Round "10.8"]
[White "Traveset Ribera, Daniel"]
[Black "Colls Gelaberto, Emili"]
[Result "1/2-1/2"]
[WhiteElo "2260"]
[BlackElo "2271"]
[PlyCount "57"]
[EventDate "2018.??.??"]
[WhiteTeam "SAN"]
[BlackTeam "FIG"]

1. Nf3 Nf6 2. c4 c5 3. g3 d5 4. cxd5 Nxd5 5. Bg2 Nc6 6. Nc3 Nc7 7. a3 e5 8. b4
Be6 9. Rb1 cxb4 10. axb4 f6 11. b5 Nd4 12. Qa4 Qd7 13. Nxd4 exd4 14. Bxb7 Kf7
15. Bc6 Qd8 16. Na2 Bc5 17. Nb4 Rb8 18. Nd3 Bd5 19. Bxd5+ Qxd5 20. O-O Bb6 21.
Nf4 Qd7 22. Ba3 g5 23. Nd3 Rhe8 24. Rfe1 Qd5 25. Qb3 Qxb3 26. Rxb3 Ba5 27. Bd6
Rxb5 28. Ra3 Nd5 29. Bc5 1/2-1/2

[Event "Lliga Catalana DH "]
[Site "?"]
[Date "2018.04.07"]
[Round "10.9"]
[White "Parals Marce, Lluis"]
[Black "Garcia Lopez, Nicolas"]
[Result "1-0"]
[WhiteElo "2213"]
[BlackElo "2198"]
[PlyCount "109"]
[EventDate "2018.??.??"]
[WhiteTeam "FIG"]
[BlackTeam "SAN"]

1. Nf3 d6 2. d4 Nf6 3. g3 g6 4. Bg2 Bg7 5. O-O O-O 6. b3 c5 7. e3 Nc6 8. Bb2
Ne4 9. Nbd2 Nxd2 10. Qxd2 e5 11. dxe5 dxe5 12. Qc3 Qe7 13. Nd2 Bd7 14. a4 Rad8
15. Nc4 f5 16. Na5 Nxa5 17. Qxa5 e4 18. Bxg7 Kxg7 19. Qxa7 Bc6 20. Qa5 Rd5 21.
Qc3+ Qf6 22. Qxf6+ Rxf6 23. Rfd1 Rfd6 24. Rxd5 Rxd5 25. Bf1 Rd2 26. Rc1 g5 27.
Bb5 Bxb5 28. axb5 Kf6 29. Kf1 f4 30. gxf4 gxf4 31. exf4 Kf5 32. Ke1 e3 33. fxe3
Rxh2 34. Rd1 Ke4 35. Rd7 Kxe3 36. Re7+ Kxf4 37. Kd1 Rh6 38. Rxb7 Ke5 39. Rc7
Kd5 40. Kc1 Rh1+ 41. Kb2 Kd6 42. Rc6+ Kd5 43. c4+ Kd4 44. Rd6+ Ke5 45. Rd5+ Ke6
46. b6 Rg1 47. Ka3 Rg8 48. Ka4 Rh8 49. Kb5 h5 50. b7 h4 51. Kb6 h3 52. Ka7 h2
53. Rd1 Rh7 54. Ka8 Rd7 55. Re1+ 1-0

[Event "Lliga Catalana DH "]
[Site "?"]
[Date "2018.04.07"]
[Round "10.10"]
[White "Traveset Sagre, Jan"]
[Black "Pau Plana, Albert"]
[Result "1/2-1/2"]
[WhiteElo "2074"]
[BlackElo "2165"]
[PlyCount "73"]
[EventDate "2018.??.??"]
[WhiteTeam "SAN"]
[BlackTeam "FIG"]

1. Nf3 Nf6 2. c4 g6 3. b3 Bg7 4. Bb2 c5 5. g3 Nc6 6. Bg2 O-O 7. O-O d6 8. d4
cxd4 9. Nxd4 Bd7 10. Nc3 Rc8 11. e4 Re8 12. Nc2 Qa5 13. Rb1 Ng4 14. Nd5 Qxa2
15. Bxg7 Kxg7 16. h3 Nf6 17. Nxf6 exf6 18. Ne3 Qa3 19. Qd2 Qc5 20. Rfd1 Be6 21.
Qxd6 Qe5 22. f4 Qc3 23. Qd2 Qxd2 24. Rxd2 Red8 25. Rbd1 Rxd2 26. Rxd2 Na5 27.
Rb2 b5 28. f5 Bd7 29. Bf1 gxf5 30. exf5 bxc4 31. bxc4 Rc5 32. g4 Bc6 33. Ra2
Be4 34. Kf2 Nc6 35. Bg2 Bxg2 36. Kxg2 a5 37. Ra4 1/2-1/2

[Event "Lliga Catalana DH"]
[Site "?"]
[Date "2018.04.14"]
[Round "11.2"]
[White "Peralta, Fernando"]
[Black "Fluvia Poyatos, Jordi"]
[Result "1/2-1/2"]
[WhiteElo "2593"]
[BlackElo "2460"]
[PlyCount "49"]
[EventDate "2018.??.??"]
[WhiteTeam "EEB"]
[BlackTeam "SJO"]

1. Nf3 d5 2. d4 Nf6 3. c4 c6 4. Nc3 a6 5. e3 Bf5 6. Bd2 e6 7. Nh4 Bg4 8. Qb3
Ra7 9. h3 Bh5 10. g4 Nfd7 11. Ng2 Bg6 12. Nf4 Be7 13. Bg2 O-O 14. O-O Nb6 15.
cxd5 cxd5 16. Nxg6 hxg6 17. Ne2 Nc6 18. Rad1 Nc4 19. Bc1 Nd6 20. Nf4 Qa5 21. f3
Qb5 22. e4 g5 23. Qxb5 axb5 24. Ne2 dxe4 25. fxe4 1/2-1/2

[Event "Lliga Catalana DH"]
[Site "?"]
[Date "2018.04.14"]
[Round "11.3"]
[White "Porras Mateo, Felipe"]
[Black "Aroshidze, Levan"]
[Result "1/2-1/2"]
[WhiteElo "2448"]
[BlackElo "2557"]
[PlyCount "33"]
[EventDate "2018.??.??"]
[WhiteTeam "SJO"]
[BlackTeam "EEB"]

1. d4 Nf6 2. c4 e6 3. Nf3 b6 4. g3 Bb7 5. Bg2 Be7 6. O-O O-O 7. Nc3 Ne4 8. Bd2
Nxd2 9. Nxd2 c6 10. e3 d5 11. Re1 Na6 12. a3 Nc7 13. Rc1 Rb8 14. Qc2 Qd7 15.
Qa4 Rfd8 16. cxd5 cxd5 17. Qxd7 1/2-1/2

[Event "Lliga Catalana DH"]
[Site "?"]
[Date "2018.04.14"]
[Round "11.4"]
[White "Narciso Dublan, Marc"]
[Black "Guerrero Sierra, Juan Carlos"]
[Result "1/2-1/2"]
[WhiteElo "2535"]
[BlackElo "2347"]
[PlyCount "250"]
[EventDate "2018.??.??"]
[WhiteTeam "EEB"]
[BlackTeam "SJO"]

1. e4 e5 2. Nf3 Nc6 3. d4 exd4 4. Nxd4 Bc5 5. Nxc6 Qf6 6. Qf3 Qxf3 7. gxf3 dxc6
8. Be3 Bxe3 9. fxe3 Be6 10. Nc3 f6 11. Rg1 g6 12. Ne2 Ne7 13. Nf4 Bf7 14. O-O-O
Nc8 15. e5 fxe5 16. Nd3 e4 17. fxe4 Nd6 18. e5 Nf5 19. Bh3 Nxe3 20. Rde1 Nd5
21. c4 Ne7 22. e6 Bg8 23. Ne5 a5 24. Rgf1 a4 25. Nd7 Nf5 26. Bxf5 gxf5 27. Rxf5
Ke7 28. Rg5 b6 29. Rg7+ Kd6 30. c5+ bxc5 31. Nb6 Bxe6 32. Nxa8 Rxa8 33. Rxh7
Bxa2 34. Rh6+ Kd5 35. Rh5+ Kd6 36. Rh6+ Kd5 37. Rg1 Bb3 38. Kd2 Kc4 39. Rh4+
Kb5 40. Rf4 Bd5 41. Rg3 c4 42. h4 Rh8 43. Kc3 Ra8 44. Kd4 Rd8 45. Rf2 Kb4 46.
Ke5 Re8+ 47. Kf4 Rf8+ 48. Ke3 Re8+ 49. Kd2 Be4 50. h5 Bd3 51. Rg7 Rc8 52. Rff7
Rh8 53. Rg5 Re8 54. Rg2 Rd8 55. Ke3 Rh8 56. Rh2 Bg6 57. Rxc7 Rxh5 58. Rxh5 Bxh5
59. Kd4 a3 60. Rb7+ Ka4 61. bxa3 Kxa3 62. Kc3 Ka2 63. Ra7+ Kb1 64. Rh7 Bg6 65.
Rh2 Ka1 66. Kxc4 Bb1 67. Kc3 Ba2 68. Kd2 c5 69. Rh7 c4 70. Rh5 c3+ 71. Kxc3 Bb1
72. Rg5 Ba2 73. Rg8 Bb1 74. Rg1 Ka2 75. Rg7 Ka1 76. Kb3 Ba2+ 77. Ka3 Bb1 78.
Re7 Ba2 79. Re2 Bb1 80. Kb3 Bf5 81. Ra2+ Kb1 82. Rf2 Be6+ 83. Ka3 Kc1 84. Rf4
Kc2 85. Rf6 Bg8 86. Rf1 Bd5 87. Re1 Bf7 88. Re5 Bg6 89. Kb4 Kb1 90. Kb3 Kc1 91.
Kc3 Kb1 92. Kb3 Ka1 93. Ra5+ Kb1 94. Rg5 Bf7+ 95. Ka3 Bc4 96. Kb4 Be6 97. Re5
Bf7 98. Kc3 Bg6 99. Re6 Bf5 100. Rb6+ Ka1 101. Rf6 Be4 102. Rf4 Bb1 103. Ra4+
Ba2 104. Ra6 Kb1 105. Rb6+ Ka1 106. Kc2 Bd5 107. Rb1+ Ka2 108. Rb5 Be4+ 109.
Kc3 Ka1 110. Ra5+ Kb1 111. Ra4 Bg6 112. Ra5 Bf7 113. Ra6 Bd5 114. Rd6 Bf7 115.
Ra6 Bd5 116. Rd6 Bf7 117. Rd1+ Ka2 118. Rf1 Bg6 119. Rf2+ Ka1 120. Kb3 Bb1 121.
Re2 Bg6 122. Ra2+ Kb1 123. Ra7 Bc2+ 124. Kc3 Bf5 125. Ra4 Bg6 1/2-1/2

[Event "Lliga Catalana DH"]
[Site "?"]
[Date "2018.04.14"]
[Round "11.5"]
[White "Iglesias, Jorge"]
[Black "Matnadze, Ana"]
[Result "1/2-1/2"]
[WhiteElo "2382"]
[BlackElo "2482"]
[PlyCount "35"]
[EventDate "2018.??.??"]
[WhiteTeam "SJO"]
[BlackTeam "EEB"]

1. c4 Nf6 2. Nc3 e6 3. e4 d5 4. e5 d4 5. exf6 dxc3 6. bxc3 Qxf6 7. d4 c5 8. Nf3
h6 9. Bd3 Bd6 10. O-O O-O 11. Qe2 Rd8 12. Qe4 Nc6 13. Re1 Rb8 14. Rb1 Kf8 15.
Be3 g5 16. h4 Bf4 17. hxg5 hxg5 18. d5 1/2-1/2

[Event "Lliga Catalana DH"]
[Site "?"]
[Date "2018.04.14"]
[Round "11.6"]
[White "Grafl, Florian"]
[Black "Gutierrez Clares, Joaquim"]
[Result "1/2-1/2"]
[WhiteElo "2421"]
[BlackElo "2326"]
[PlyCount "125"]
[EventDate "2018.??.??"]
[WhiteTeam "EEB"]
[BlackTeam "SJO"]

1. b3 d5 2. Bb2 Bg4 3. f3 Bf5 4. e4 dxe4 5. Qe2 c6 6. fxe4 Bg6 7. Nc3 e5 8. Nf3
Nd7 9. O-O-O Qa5 10. Kb1 Ngf6 11. h3 Ba3 12. Ba1 Qb4 13. Nh4 O-O-O 14. d3 Qa5
15. Na4 Bb4 16. c3 Be7 17. g4 b5 18. Nxg6 hxg6 19. Nb2 Ne8 20. d4 Nc7 21. Nd3
Bf6 22. Nb4 Nb8 23. d5 Be7 24. Bg2 c5 25. Nd3 f6 26. Ne1 Nba6 27. Nf3 c4 28. b4
Qb6 29. Bb2 Ne8 30. Bc1 Nac7 31. Qe1 a5 32. a3 axb4 33. axb4 Qa7 34. Nh4 Rxh4
35. Qxh4 Kb7 36. Bb2 Ra8 37. Kc1 Qa2 38. Rd2 Qb3 39. Bf3 Nd6 40. Bd1 Qa2 41.
Bc2 Nc8 42. Qe1 Bd6 43. Bb1 Qa4 44. Qd1 Qa7 45. h4 Nb6 46. Qg1 Qa4 47. h5 Rh8
48. hxg6 Rxh1 49. Qxh1 Qa7 50. Qg1 Qa8 51. Kd1 Qe8 52. Qh1 Na4 53. Qh7 Qc8 54.
Qh4 Qa8 55. Ba1 Qa7 56. Qh2 Qe3 57. Qf2 Nxc3+ 58. Bxc3 Qxc3 59. Ra2 Bxb4 60.
Ra7+ Kc8 61. Rxc7+ Kxc7 62. Qa7+ Kc8 63. Qa8+ 1/2-1/2

[Event "Lliga Catalana DH"]
[Site "?"]
[Date "2018.04.14"]
[Round "11.7"]
[White "Barcelo Sola, David"]
[Black "Fereck, Adam"]
[Result "0-1"]
[WhiteElo "2178"]
[BlackElo "2361"]
[PlyCount "76"]
[EventDate "2018.??.??"]
[WhiteTeam "SJO"]
[BlackTeam "EEB"]

1. e4 c6 2. d4 d5 3. f3 dxe4 4. fxe4 e5 5. Nf3 Bg4 6. Bc4 Nd7 7. O-O Ngf6 8.
Kh1 Bd6 9. c3 O-O 10. Bg5 Qc7 11. h3 Bh5 12. Nbd2 Rfe8 13. Qe1 Bg6 14. Bd3 exd4
15. cxd4 Nh5 16. Kg1 h6 17. Bh4 Nf4 18. Bb1 Qa5 19. Nc4 Qxe1 20. Nxe1 Bc7 21.
d5 Bxe4 22. d6 Ne2+ 23. Kh2 Bb8 24. Nf3 b5 25. Bxe4 Rxe4 26. Na5 Bxd6+ 27. Kh1
Rxh4 28. Nxh4 Ng3+ 29. Kg1 Bc5+ 30. Kh2 Nxf1+ 31. Rxf1 Ne5 32. Rf5 g6 33. Rf1
Bb6 34. Nb3 Nc4 35. Rc1 Re8 36. Rc2 Re1 37. Nf3 Rb1 38. Nbd4 Ne3 0-1

[Event "Lliga Catalana DH"]
[Site "?"]
[Date "2018.04.14"]
[Round "11.8"]
[White "Chueca Forcen, Alberto"]
[Black "Martinez Talavera, Jordi"]
[Result "1-0"]
[WhiteElo "2361"]
[BlackElo "2087"]
[PlyCount "39"]
[EventDate "2018.??.??"]
[WhiteTeam "EEB"]
[BlackTeam "SJO"]

1. e4 e6 2. d4 d5 3. Nc3 Bb4 4. e5 c5 5. a3 Bxc3+ 6. bxc3 Qc7 7. Nf3 Nc6 8. Be2
cxd4 9. cxd4 f6 10. O-O Bd7 11. c4 Rd8 12. cxd5 exd5 13. Re1 fxe5 14. Nxe5 Nxe5
15. Bh5+ Kf8 16. Rxe5 Be8 17. Rf5+ Nf6 18. Rxf6+ gxf6 19. Bh6+ Ke7 20. Qe2+ 1-0

[Event "Lliga Catalana DH"]
[Site "?"]
[Date "2018.04.14"]
[Round "11.9"]
[White "Roa Ribera, Alvaro"]
[Black "Avila Jimenez, Xavier"]
[Result "0-1"]
[WhiteElo "1922"]
[BlackElo "2320"]
[PlyCount "56"]
[EventDate "2018.??.??"]
[WhiteTeam "SJO"]
[BlackTeam "EEB"]

1. e4 c6 2. d4 d5 3. exd5 cxd5 4. c4 Nf6 5. Nc3 Nc6 6. Bg5 dxc4 7. d5 Na5 8.
Bxc4 Nxc4 9. Qa4+ Bd7 10. Qxc4 b5 11. Qe2 Qa5 12. Bxf6 gxf6 13. Qd2 b4 14. Ne4
f5 15. Ng3 h5 16. f4 Rd8 17. Nf3 h4 18. Ne2 Be6 19. O-O Bxd5 20. Qe3 e6 21. Kh1
Bg7 22. Ned4 h3 23. Nxf5 hxg2+ 24. Kxg2 Bxf3+ 25. Rxf3 Qxf5 26. Rc1 Bd4 27. Qb3
Rg8+ 28. Kh1 a5 0-1

[Event "Lliga Catalana DH"]
[Site "?"]
[Date "2018.04.14"]
[Round "11.10"]
[White "Orteu Capdevila, Max"]
[Black "Dominguez Laguna, Eduard"]
[Result "1-0"]
[WhiteElo "2213"]
[BlackElo "1975"]
[PlyCount "91"]
[EventDate "2018.??.??"]
[WhiteTeam "EEB"]
[BlackTeam "SJO"]

1. c4 e5 2. g3 f5 3. Bg2 Nf6 4. Nc3 Bb4 5. Qb3 Bxc3 6. Qxc3 d6 7. d3 Nc6 8. Nf3
O-O 9. O-O Qe8 10. b4 Qh5 11. b5 Ne7 12. c5 e4 13. Ng5 d5 14. f3 exd3 15. exd3
Bd7 16. a4 Rfe8 17. Nh3 Qf7 18. Bg5 Ng6 19. Bxf6 Qxf6 20. Qxf6 gxf6 21. f4 c6
22. a5 a6 23. bxc6 bxc6 24. Rab1 Rab8 25. Rb6 Rxb6 26. cxb6 Bc8 27. Kf2 Nf8 28.
Ng1 Ne6 29. Rc1 Bd7 30. Nf3 Kf7 31. Bh3 Ng7 32. Nd4 Rc8 33. Nb3 Rb8 34. Nc5 Bc8
35. b7 Be6 36. Rb1 Bc8 37. bxc8=Q Rxc8 38. Rb7+ Kg6 39. Rb6 Ne8 40. Rxa6 h6 41.
Rb6 Ra8 42. a6 Nc7 43. Rxc6 Nb5 44. Bg2 Nc3 45. Nd7 Nd1+ 46. Ke2 1-0

[Event "Lliga Catalana DH"]
[Site "?"]
[Date "2018.04.14"]
[Round "11.2"]
[White "Vidal Zamora, Alex"]
[Black "Valle Maytin, Luis Enrique"]
[Result "1/2-1/2"]
[WhiteElo "2422"]
[BlackElo "2363"]
[PlyCount "34"]
[EventDate "2018.??.??"]
[WhiteTeam "OLO"]
[BlackTeam "GER"]

1. d4 d5 2. c4 e6 3. Nc3 Nf6 4. cxd5 exd5 5. Bg5 Nbd7 6. e3 c6 7. Bd3 Be7 8.
Nf3 O-O 9. Qc2 Re8 10. O-O Nf8 11. Rab1 a5 12. h3 g6 13. Bf4 Ne6 14. Bh2 Ng7
15. Qb3 Bd6 16. Ne5 Qe7 17. Rfe1 Bf5 1/2-1/2

[Event "Lliga Catalana DH"]
[Site "?"]
[Date "2018.04.14"]
[Round "11.8"]
[White "Serrat Rifa, Ernest"]
[Black "Rovira Vila, Jaume"]
[Result "1/2-1/2"]
[WhiteElo "2269"]
[BlackElo "2192"]
[PlyCount "72"]
[EventDate "2018.??.??"]
[WhiteTeam "OLO"]
[BlackTeam "GER"]

1. e4 c5 2. Nf3 g6 3. d4 cxd4 4. Nxd4 Nc6 5. Nc3 Bg7 6. Be3 Nf6 7. Be2 O-O 8.
O-O d6 9. h3 Bd7 10. Qd2 Nxd4 11. Bxd4 Bc6 12. Bf3 Nd7 13. Be3 Qa5 14. Nd5 Qd8
15. c4 Rc8 16. Rac1 a5 17. Bg4 Ra8 18. Bxd7 Bxd5 19. Qxd5 Qxd7 20. Rfd1 Rfd8
21. Bb6 Rdc8 22. Bxa5 e6 23. Qd2 Bxb2 24. Rc2 Bg7 25. Bb4 Qa4 26. a3 Ra6 27.
Rdc1 Rac6 28. Bxd6 Rxc4 29. Rxc4 Rxc4 30. Bb4 Rxc1+ 31. Qxc1 Qd7 32. Qc5 h5 33.
Qd6 Qxd6 34. Bxd6 Bf8 35. Bb4 Bxb4 36. axb4 b5 1/2-1/2

[Event "Lliga Catalana DH"]
[Site "?"]
[Date "2018.04.14"]
[Round "11.9"]
[White "Garcia Busquets, Jordi"]
[Black "Pinyol Clapera, David"]
[Result "0-1"]
[WhiteElo "2154"]
[BlackElo "2239"]
[PlyCount "160"]
[EventDate "2018.??.??"]
[WhiteTeam "GER"]
[BlackTeam "OLO"]

1. e4 c6 2. d4 d5 3. e5 Bf5 4. h4 h5 5. Bg5 Qb6 6. Bd3 Bxd3 7. Qxd3 e6 8. Nd2
Be7 9. Ne2 Nd7 10. c4 O-O-O 11. c5 Qc7 12. Nf3 Bxg5 13. Nxg5 Nh6 14. O-O-O Rde8
15. f4 f6 16. Nf3 Nf5 17. Rh3 Qa5 18. Kb1 b6 19. cxb6 axb6 20. Rc1 Kb7 21. Qc2
Rc8 22. Nd2 Qa6 23. Nb3 Rc7 24. Rc3 Ra8 25. a3 Qa4 26. Ng3 Nxg3 27. Rxg3 fxe5
28. fxe5 c5 29. Rxg7 c4 30. Na1 Qb5 31. Qc3 Rf8 32. Nc2 Qb3 33. Qb4 Qxb4 34.
Nxb4 Nb8 35. Rxc7+ Kxc7 36. g3 b5 37. Nd3 Kd7 38. Nf4 Rf5 39. Kc2 Nc6 40. Kc3
Rf8 41. Rf1 Ne7 42. Rf2 Rf7 43. Kb4 Kc6 44. Rd2 Kb6 45. Kc3 Nf5 46. Nxh5 Nxg3
47. Nxg3 Rf3+ 48. Kc2 Rxg3 49. Rh2 Ka5 50. h5 Rg7 51. h6 Rh7 52. Kc3 Ka4 53.
Rh3 Ka5 54. Rh2 Ka4 55. Kc2 Ka5 56. Kd2 b4 57. axb4+ Kxb4 58. Rh3 Ka4 59. Kc3
Rb7 60. Rh1 Rh7 61. Rh2 Ka5 62. b3 cxb3 63. Kxb3 Kb5 64. Kc3 Rc7+ 65. Kd3 Ra7
66. Rh5 Rh7 67. Ke3 Kc4 68. Kf4 Kxd4 69. Kg5 Ke4 70. Kg6 Rh8 71. Kg7 Ra8 72. h7
d4 73. h8=Q Rxh8 74. Kxh8 d3 75. Kg7 d2 76. Rh1 Kxe5 77. Rd1 Kf4 78. Rxd2 e5
79. Kf6 e4 80. Rd1 e3 0-1

[Event "Lliga Catalana DH"]
[Site "?"]
[Date "2018.04.14"]
[Round "11.6"]
[White "Aymerich Verdaguer, Eduard"]
[Black "Guso Llorca, Jordi"]
[Result "1-0"]
[WhiteElo "2315"]
[BlackElo "2249"]
[PlyCount "67"]
[EventDate "2018.??.??"]
[WhiteTeam "OLO"]
[BlackTeam "GER"]

1. d4 Nf6 2. c4 g6 3. Nc3 Bg7 4. e4 d6 5. Be2 O-O 6. Nf3 Nc6 7. d5 Ne5 8. Nxe5
dxe5 9. Be3 b6 10. O-O Bd7 11. c5 e6 12. Rc1 exd5 13. exd5 Ne8 14. Qb3 Bf6 15.
Ne4 Bg7 16. Rfd1 Qh4 17. Rc4 b5 18. Rb4 Qd8 19. Bxb5 a5 20. Bxd7 axb4 21. Bc6
Rb8 22. d6 h6 23. Bxe8 Rxe8 24. Qc4 cxd6 25. cxd6 Re6 26. Bc5 b3 27. axb3 Bf8
28. b4 Qd7 29. Qd5 Kh7 30. Ra1 Qb7 31. Qxb7 Rxb7 32. Ra8 f5 33. Rxf8 fxe4 34.
Rd8 1-0

[Event "Lliga Catalana DH"]
[Site "?"]
[Date "2018.04.14"]
[Round "11.10"]
[White "Lazaro Pujol, Abel"]
[Black "Horta Gafarot, Biel"]
[Result "1-0"]
[WhiteElo "2125"]
[BlackElo "2034"]
[PlyCount "37"]
[EventDate "2018.??.??"]
[WhiteTeam "OLO"]
[BlackTeam "GER"]

1. e4 c5 2. Nf3 g6 3. d4 cxd4 4. Nxd4 Bg7 5. c4 Nc6 6. Be3 Nh6 7. Nc3 d6 8. Be2
f5 9. Nxc6 bxc6 10. c5 fxe4 11. cxd6 Nf5 12. O-O exd6 13. Qb3 Qe7 14. Bc4 Bb7
15. Bg5 Qc7 16. Rac1 Qb6 17. Qa4 h6 18. Nd5 Qd4 19. Rfd1 1-0

[Event "Lliga Catalana DH"]
[Site "?"]
[Date "2018.04.14"]
[Round "11.3"]
[White "Molina Carretero, Daniel"]
[Black "Sabria Batlle, Pol"]
[Result "0-1"]
[WhiteElo "2329"]
[BlackElo "2403"]
[PlyCount "50"]
[EventDate "2018.??.??"]
[WhiteTeam "GER"]
[BlackTeam "OLO"]

1. d4 Nf6 2. c4 e6 3. Nf3 d5 4. g3 Bb4+ 5. Bd2 Bd6 6. Bg2 c6 7. O-O O-O 8. Qc2
Nbd7 9. Bg5 h6 10. Bxf6 Nxf6 11. Nbd2 b6 12. e4 Be7 13. e5 Nd7 14. cxd5 cxd5
15. Qc6 Rb8 16. Rfc1 Nc5 17. dxc5 Bd7 18. Nd4 Bxc6 19. Nxc6 Qc7 20. Nxb8 bxc5
21. Na6 Qa5 22. b4 Qxa6 23. bxc5 Rc8 24. Nb3 Qa3 25. Rc3 Rxc5 0-1

[Event "Lliga Catalana DH"]
[Site "?"]
[Date "2018.04.14"]
[Round "11.4"]
[White "Busquets Prat, Rafael"]
[Black "Mundet Riera, Jaume"]
[Result "1/2-1/2"]
[WhiteElo "2352"]
[BlackElo "2271"]
[PlyCount "28"]
[EventDate "2018.??.??"]
[WhiteTeam "OLO"]
[BlackTeam "GER"]

1. e4 e5 2. Nf3 Nc6 3. Bb5 a6 4. Ba4 Nf6 5. O-O Be7 6. Re1 b5 7. Bb3 d6 8. c3
O-O 9. h3 Nb8 10. d4 Nbd7 11. Nbd2 Bb7 12. a4 c5 13. axb5 axb5 14. Rxa8 Qxa8
1/2-1/2

[Event "Lliga Catalana DH"]
[Site "?"]
[Date "2018.04.14"]
[Round "11.5"]
[White "Gonzalez Vericat, Sergi"]
[Black "Triadu Cassa, Jordi"]
[Result "1/2-1/2"]
[WhiteElo "2257"]
[BlackElo "2323"]
[PlyCount "22"]
[EventDate "2018.??.??"]
[WhiteTeam "GER"]
[BlackTeam "OLO"]

1. b3 d5 2. Bb2 Bg4 3. f3 Bh5 4. Nh3 f6 5. d4 e6 6. Nf4 Bf7 7. Nc3 Bd6 8. Qd2
c6 9. O-O-O Nd7 10. e4 Qc7 11. g3 O-O-O 1/2-1/2